|
|
|
|
| LEADER |
00000nam a22000007a 4500 |
| 005 |
2016060708578.0 |
| 007 |
cr|||| ||u| |
| 008 |
160607s2016 ck ||||| |||| 00||0 spa d |
| 020 |
|
|
|a 978-958-59217-6-4
|
| 035 |
|
|
|a 14284
|
| 040 |
|
|
|a vLex
|
| 090 |
|
|
|c 6162
|d 6162
|
| 100 |
1 |
|
|a Chavarro Cadena, Jorge Enrique
|
| 245 |
1 |
0 |
|a Estatuto Tributario de Bogot ̀Actualizado
|h [Recurso electrn̤ico] /
|c Jorge Enrique Chavarro Cadena
|
| 256 |
|
|
|a Servicio en ln̕ea
|
| 260 |
|
|
|a Colombia
|b Editorial Nueva Legislacin̤
|c 2016
|
| 300 |
|
|
|a 1 recurso electrn̤ico (582 pg̀inas)
|
| 500 |
|
|
|a Concordancias, doctrina y jurisprudencia
|
| 506 |
1 |
|
|a Contenido solo disponible en los productos indicados
|d vLex Global
|d vLex Global (Academic Edition, excluding Law Schools)
|d vLex Global (U.S. Academic Edition, Law Schools)
|d vLex Global (U.S. Academic Edition, excluding Law Schools)
|d vLex Global (Academic Edition, Law Schools)
|
| 650 |
0 |
4 |
|a Derecho tributario
|z Colombia
|
| 700 |
1 |
|
|a Parra Ortiz, Harold Ferney
|
| 740 |
0 |
|
|a vLex libros (servicio en ln̕ea)
|
| 856 |
4 |
0 |
|u http://vlex.com/source/estatuto-tributario-bogota-actualizado-14284
|z Acceso restringido
|
| 942 |
|
|
|c BOOK
|